000 00654cab a2200205 4500
001 WB2709-43
008 090401t1991 xxu||||| |||| 00| 0 eng d
035 _a(Sirsi) u21498
041 _aeng
245 _aTrouble with trees
260 _c1991
350 _a0
490 _aEstates Gazette
_vno 9104 23/2/91 p145
520 _aDiscusses tort of private nuisance striking a balance between competing interests of neighbouring landowners and occupiers with reference to recent case law , Elliott v Islington LBC 1990.
650 _aPRIVATE RIGHTS
650 _aTREES
690 _aPROPERTY LAW AND PRACTICE
942 _n0
948 _c04/03/1997
999 _c14434
_d14434